[Event "St Petersburg Korchnoi Memorial op"]
[Site "St Petersburg"]
[Date "2018.08.20"]
[Round "6"]
[White "Guliev, Gasan"]
[Black "Kamnev, Alexander"]
[Result "1/2-1/2"]
[WhiteElo "2207"]
[BlackElo "2004"]
[PlyCount "111"]
[EventDate "2018.08.15"]
[EventType "swiss"]
[EventRounds "9"]
[EventCountry "RUS"]
[SourceTitle "CBM 186 Extra"]
[Source "ChessBase"]
[SourceDate "2018.08.24"]
[SourceVersion "1"]
[SourceVersionDate "2018.08.24"]
[SourceQuality "1"]

1. Nf3 d5 2. d4 Nf6 3. c4 e6 4. g3 Bb4+ 5. Bd2 Be7 6. Bg2 0-0 7. 0-0 c6 8. Qc2 b6 9. Rd1 Bb7 10. Bf4 Ne4 11. Nc3 f5 12. h4 Nd7 13. Nxe4 dxe4 14. Ne5 Nxe5 15. dxe5 Qc7 16. Rd6 Bxd6 17. exd6 Qd8 18. c5 Qf6 19. Bg5 Qe5 20. Rc1 Qxc5 21. Qxc5 bxc5 22. Rxc5 Rfd8 23. Bxd8 Rxd8 24. f3 exf3 25. Bxf3 Rxd6 26. b4 Rd7 27. Bxc6 Bxc6 28. Rxc6 Kf7 29. Kf2 h6 30. b5 g5 31. hxg5 hxg5 32. a4 Kf6 33. Kf3 Ke5 34. Rc5+ Kd4 35. Rc2 Ke5 36. Rc5+ Kd4 37. Rc2 Ke5 38. a5 Rb7 39. a6 Rxb5 40. Rc7 Rb3+ 41. Kf2 Ra3 42. Rxa7 Ke4 43. Ra8 e5 44. Rg8 Rxa6 45. Rxg5 Ra3 46. Rg8 Ra2 47. Rb8 f4 48. gxf4 Kxf4 49. Rc8 Ra3 50. Rf8+ Ke4 51. Rb8 Kf4 52. Rf8+ Ke4 53. Rb8 Kf4 54. Rb4+ Kf5 55. Rc4 Rb3 56. Ra4 1/2-1/2

[Event "St Petersburg Korchnoi Memorial op"]
[Site "St Petersburg"]
[Date "2018.08.18"]
[Round "4"]
[White "Guliev, Gasan"]
[Black "Poliansky, Vladislav"]
[Result "1-0"]
[WhiteElo "2207"]
[BlackElo "1957"]
[PlyCount "115"]
[EventDate "2018.08.15"]
[EventType "swiss"]
[EventRounds "9"]
[EventCountry "RUS"]
[SourceTitle "CBM 186 Extra"]
[Source "ChessBase"]
[SourceDate "2018.08.24"]
[SourceVersion "1"]
[SourceVersionDate "2018.08.24"]
[SourceQuality "1"]

1. e4 e6 2. d4 d5 3. Nd2 Be7 4. Ngf3 Nf6 5. Bd3 c5 6. exd5 Qxd5 7. Bc4 Qd6 8. dxc5 Qxc5 9. 0-0 Nc6 10. Qe2 0-0 11. Nb3 Qh5 12. Bf4 b6 13. Rad1 Bb7 14. c3 Rac8 15. h3 Rfd8 16. Bg3 h6 17. Rfe1 Bf8 18. Bh4 Ne7 19. Bxf6 gxf6 20. Nbd2 Qc5 21. Ba6 Bxa6 22. Qxa6 f5 23. Nb3 Qc7 24. Nbd4 Nc6 25. Nxc6 Qxc6 26. Nd4 Qd7 27. Nxe6 Qxd1 28. Rxd1 Rxd1+ 29. Kh2 Bd6+ 30. g3 Re8 31. Qa4 Rxe6 32. Qxd1 f4 33. Kg2 fxg3 34. fxg3 a5 35. g4 Bc5 36. a3 Kg7 37. b4 axb4 38. axb4 Be7 39. Qd5 Bf6 40. c4 Be5 41. Kf3 Kf6 42. Qd8+ Kg7 43. Qd5 Re7 44. Qc6 Bc7 45. h4 f6 46. Qd5 Be5 47. Qd8 Rc7 48. Qd3 Kf8 49. Ke4 Kg7 50. Qd5 Re7 51. Kd3 Bc7 52. h5 Be5 53. Kc2 Rc7 54. Kb3 Kf8 55. Qe6 b5 56. c5 Ra7 57. Qc6 Ke7 58. Qxb5 1-0

[Event "St Petersburg Korchnoi Memorial op"]
[Site "St Petersburg"]
[Date "2018.08.17"]
[Round "3"]
[White "Stefansson, Hannes"]
[Black "Guliev, Gasan"]
[Result "1-0"]
[WhiteElo "2511"]
[BlackElo "2207"]
[PlyCount "69"]
[EventDate "2018.08.15"]
[EventType "swiss"]
[EventRounds "9"]
[EventCountry "RUS"]
[SourceTitle "CBM 186 Extra"]
[Source "ChessBase"]
[SourceDate "2018.08.24"]
[SourceVersion "1"]
[SourceVersionDate "2018.08.24"]
[SourceQuality "1"]

1. e4 e5 2. Nf3 Nc6 3. Bb5 a6 4. Ba4 Nf6 5. 0-0 Be7 6. Re1 b5 7. Bb3 d6 8. c3 0-0 9. h3 Nb8 10. d4 Nbd7 11. Nbd2 Bb7 12. Bc2 Re8 13. Nf1 Bf8 14. Ng3 g6 15. a4 Bg7 16. Bd3 c6 17. b3 Qc7 18. Qc2 d5 19. exd5 Nxd5 20. Bd2 bxa4 21. Rxa4 c5 22. dxe5 Nxe5 23. Nxe5 Bxe5 24. Ne4 Nb6 25. Ra5 c4 26. bxc4 Bxe4 27. Bxe4 Nxc4 28. Rxe5 Nxe5 29. Bxa8 Rxa8 30. Qe4 Nc6 31. Bh6 Qd7 32. Qf4 Nd8 33. Qe4 Nc6 34. Qf4 Nd8 35. Qd4 1-0

[Event "Moscow op-A 14th"]
[Site "Moscow"]
[Date "2018.02.02"]
[Round "7"]
[White "Mischuk, Dmitry"]
[Black "Guliev, Gasan"]
[Result "1/2-1/2"]
[WhiteElo "2382"]
[BlackElo "2202"]
[PlyCount "158"]
[EventDate "2018.01.27"]
[EventType "swiss"]
[EventRounds "9"]
[EventCountry "RUS"]
[SourceTitle "CBM 182 Extra"]
[Source "ChessBase"]
[SourceDate "2018.02.23"]
[SourceVersion "1"]
[SourceVersionDate "2018.02.23"]
[SourceQuality "1"]

1. e4 e5 2. Nf3 Nc6 3. Bb5 a6 4. Ba4 Nf6 5. 0-0 Be7 6. d3 b5 7. Bb3 d6 8. a3 0-0 9. Nc3 Bg4 10. Be3 Nd4 11. Bxd4 exd4 12. Nd5 Nd7 13. h3 Bxf3 14. Nxe7+ Qxe7 15. Qxf3 Nc5 16. Bd5 Rac8 17. Bc6 Nd7 18. Qg3 Ne5 19. Bd5 c6 20. Bb3 Nd7 21. f4 c5 22. Ba2 Kh8 23. Qf2 f6 24. Kh1 Nb6 25. Rae1 Na4 26. Bd5 Nxb2 27. Qh4 c4 28. e5 cxd3 29. cxd3 Rc7 30. Be4 g6 31. Qf2 Na4 32. e6 Qxe6 33. Qxd4 Qd7 34. f5 Kg7 35. fxg6 hxg6 36. Rf3 Rc5 37. Rg3 g5 38. Bd5 Qf5 39. Re7+ Kh8 40. Be4 Rc1+ 41. Kh2 Qc5 42. Qxc5 Nxc5 43. Bf5 Rf1 44. Bg6 Rf4 45. Rge3 Rh4 46. g4 Rh6 47. Bf5 Nb3 48. R3e4 Nd2 49. Re8 Nxe4 50. Rxf8+ Kg7 51. Rd8 Nf2 52. Rd7+ Kf8 53. Rxd6 Nxh3 54. Rxa6 Nf4+ 55. Kg1 Ke7 56. Rb6 Ne2+ 57. Kf2 Nd4 58. Ke3 Nxf5+ 59. gxf5 Rh4 60. Rxb5 Ra4 61. Rb3 Ra5 62. Rb7+ Kd6 63. d4 Rxf5 64. Ra7 g4 65. Ra6+ Kc7 66. Ke4 Rf1 67. Ra7+ Kd6 68. Ra6+ Kc7 69. Kd5 Rf5+ 70. Ke4 Rf2 71. Kd5 g3 72. Ra7+ Kb6 73. Rg7 g2 74. Ke4 Kc6 75. Ke3 Ra2 76. Kf3 Kd5 77. Rxg2 Rxa3+ 78. Kf4 Kxd4 79. Rd2+ Rd3 1/2-1/2

[Event "Chigorin Memorial 25th"]
[Site "St Petersburg"]
[Date "2017.10.27"]
[Round "7"]
[White "Aga, Rihard"]
[Black "Guliev, Gasan"]
[Result "0-1"]
[WhiteElo "1842"]
[BlackElo "2123"]
[PlyCount "72"]
[EventDate "2017.10.21"]
[EventType "swiss"]
[EventRounds "9"]
[EventCountry "RUS"]
[SourceTitle "CBM 181 Extra"]
[Source "ChessBase"]
[SourceDate "2017.12.12"]
[SourceVersion "1"]
[SourceVersionDate "2017.12.12"]
[SourceQuality "1"]

1. d4 Nf6 2. c4 g6 3. Nc3 Bg7 4. e4 d6 5. f3 0-0 6. Be3 Nbd7 7. Nge2 c5 8. d5 Ne5 9. Nc1 e6 10. Be2 exd5 11. cxd5 a6 12. a4 h5 13. Nd3 Nc4 14. Bc1 Na5 15. Nf2 Bd7 16. h4 b5 17. axb5 axb5 18. g4 b4 19. Nb1 hxg4 20. fxg4 Qe8 21. Qc2 c4 22. Nd2 Bb5 23. h5 c3 24. Nf3 b3 25. Qd1 Nxe4 26. Bxb5 Nxf2+ 27. Kxf2 Qxb5 28. h6 Bf6 29. Bf4 cxb2 30. Rb1 Nc4 31. g5 Be5 32. Bxe5 dxe5 33. Qd3 Kh7 34. Rh4 Ra1 35. Rxc4 Rxb1 36. Qc3 Rf1+ 0-1

[Event "Chigorin Memorial 25th"]
[Site "St Petersburg"]
[Date "2017.10.25"]
[Round "5"]
[White "Kozlov, Mikhail"]
[Black "Guliev, Gasan"]
[Result "0-1"]
[WhiteElo "1813"]
[BlackElo "2123"]
[PlyCount "94"]
[EventDate "2017.10.21"]
[EventType "swiss"]
[EventRounds "9"]
[EventCountry "RUS"]
[SourceTitle "CBM 181 Extra"]
[Source "ChessBase"]
[SourceDate "2017.12.12"]
[SourceVersion "1"]
[SourceVersionDate "2017.12.12"]
[SourceQuality "1"]

1. g3 g6 2. Bg2 Bg7 3. d4 Nf6 4. Nf3 0-0 5. 0-0 d6 6. c3 Nbd7 7. Nbd2 c6 8. a4 a5 9. Nc4 Qc7 10. Bf4 b6 11. b4 Bb7 12. Qb3 axb4 13. cxb4 Nh5 14. Be3 c5 15. dxc5 bxc5 16. Rac1 d5 17. Na5 c4 18. Nxb7 Qxb7 19. Qa3 Qa6 20. Nd4 e5 21. b5 Qxa4 22. Qxa4 Rxa4 23. Nc6 d4 24. Ne7+ Kh8 25. Bc6 Nb6 26. Bg5 h6 27. g4 Nf6 28. Bxf6 Bxf6 29. Nd5 Nxd5 30. Bxd5 c3 31. f4 exf4 32. b6 f3 33. Bxf3 Bg5 34. Rc2 Be3+ 35. Kg2 Rb4 36. b7 Rb8 37. Bd5 R4xb7 38. Rxf7 Rxf7 39. Bxf7 Kg7 40. Bd5 Kf6 41. Be4 Kg5 42. Kg3 Bf4+ 43. Kg2 Kxg4 44. Bxg6 Bd2 45. h3+ Kf4 46. h4 Rg8 47. h5 Ke3 0-1

[Event "Chigorin Memorial 25th"]
[Site "St Petersburg"]
[Date "2017.10.24"]
[Round "4"]
[White "Guliev, Gasan"]
[Black "Khalikov, Bulat"]
[Result "0-1"]
[WhiteElo "2123"]
[BlackElo "1925"]
[PlyCount "68"]
[EventDate "2017.10.21"]
[EventType "swiss"]
[EventRounds "9"]
[EventCountry "RUS"]
[SourceTitle "CBM 181 Extra"]
[Source "ChessBase"]
[SourceDate "2017.12.12"]
[SourceVersion "1"]
[SourceVersionDate "2017.12.12"]
[SourceQuality "1"]

1. Nf3 Nf6 2. g3 d5 3. Bg2 e6 4. 0-0 c5 5. b3 Nc6 6. Bb2 Be7 7. d3 0-0 8. Nbd2 Qc7 9. e3 e5 10. Qe2 Bg4 11. h3 Be6 12. Rac1 Rfe8 13. c4 d4 14. e4 a5 15. a4 Nd7 16. Nb1 f5 17. exf5 Bxf5 18. Na3 Bf6 19. Nb5 Qb8 20. Nd2 Bg5 21. h4 Bxd2 22. Qxd2 Nb4 23. Bxb7 Qxb7 24. Nd6 Qf3 25. Qd1 Qxd1 26. Rcxd1 Bxd3 27. Nxe8 Bxf1 28. Nc7 Rc8 29. Nb5 Be2 30. Rd2 Bf3 31. Bc1 Nf6 32. Ba3 Ne4 33. Rb2 Nd3 34. Ra2 Bd1 0-1

[Event "Chigorin Memorial 25th"]
[Site "St Petersburg"]
[Date "2017.10.23"]
[Round "3"]
[White "Praggnanandhaa, Rameshbabu"]
[Black "Guliev, Gasan"]
[Result "1-0"]
[WhiteElo "2503"]
[BlackElo "2123"]
[PlyCount "147"]
[EventDate "2017.10.21"]
[EventType "swiss"]
[EventRounds "9"]
[EventCountry "RUS"]
[SourceTitle "CBM 181 Extra"]
[Source "ChessBase"]
[SourceDate "2017.12.12"]
[SourceVersion "1"]
[SourceVersionDate "2017.12.12"]
[SourceQuality "1"]

1. e4 e5 2. Nf3 Nc6 3. Bc4 Bc5 4. 0-0 Nf6 5. d3 0-0 6. Re1 d6 7. c3 a6 8. a4 Be6 9. Bxe6 fxe6 10. b4 Ba7 11. Nbd2 Qd7 12. Nf1 Ne7 13. Be3 Bxe3 14. Rxe3 Ng6 15. g3 Ng4 16. Re1 Rf6 17. h3 Raf8 18. N1d2 Nh6 19. Rf1 Kh8 20. Qe2 Qe8 21. Kg2 Ng8 22. Nh2 h6 23. h4 Kh7 24. Ra2 R6f7 25. a5 Nf6 26. Rb2 c6 27. Nc4 Rd7 28. Kg1 Kg8 29. Kh1 Kh7 30. Ne3 Rdf7 31. c4 Nd7 32. Neg4 Nf6 33. Ne3 Nd7 34. Rd2 Qe7 35. Ng2 d5 36. Rb2 Qd6 37. Kg1 Ne7 38. Ne3 g6 39. Nhg4 h5 40. Nh2 Nf6 41. Nf3 Kg8 42. Ng5 Rg7 43. Ng2 Ng4 44. f3 Nh6 45. c5 Qd7 46. exd5 Qxd5 47. Ne3 Qd7 48. Nc4 Nef5 49. Kh2 Nd4 50. Qe4 Ng4+ 51. Kg2 Nf6 52. Qxe5 Qd5 53. Re1 Nd7 54. Qxd5 exd5 55. Nd6 Nf6 56. Rbb1 Nc2 57. Re2 Nd4 58. Re5 Nd7 59. Ree1 Nf6 60. Ne6 Nxe6 61. Rxe6 Kh7 62. d4 Ng8 63. Rbe1 Nh6 64. Re8 Rxe8 65. Nxe8 Rf7 66. Nd6 Rd7 67. Kf2 Nf7 68. Ne8 Kh6 69. g4 hxg4 70. fxg4 Rd8 71. g5+ Kh5 72. Kg3 Nxg5 73. hxg5 Kxg5 74. Re7 1-0

[Event "Saratov Region-ch"]
[Site "Saratov"]
[Date "2016.12.16"]
[Round "2"]
[White "Guliev, Gasan"]
[Black "Bryakin, Mikhail"]
[Result "0-1"]
[WhiteElo "2114"]
[BlackElo "2333"]
[PlyCount "84"]
[EventDate "2016.12.15"]
[EventType "swiss"]
[EventRounds "9"]
[EventCountry "RUS"]
[SourceTitle "EXT 2018"]
[Source "ChessBase"]
[SourceDate "2017.10.13"]
[SourceVersion "1"]
[SourceVersionDate "2017.10.13"]
[SourceQuality "1"]

1. Nf3 d5 2. d4 c6 3. c4 e6 4. cxd5 exd5 5. Nc3 Nf6 6. Bg5 Be7 7. e3 Bf5 8. Bd3 Bg6 9. 0-0 Nbd7 10. Bxf6 Bxf6 11. b4 Nb6 12. a4 0-0 13. Bxg6 hxg6 14. Qd3 Nc4 15. Nd2 Nxd2 16. Qxd2 Qd6 17. Rab1 g5 18. b5 g6 19. Rfc1 Kg7 20. e4 dxe4 21. Nxe4 Qxd4 22. Qxd4 Bxd4 23. bxc6 bxc6 24. Rxc6 Rfe8 25. Nxg5 Rab8 26. Rcc1 Rxb1 27. Rxb1 Re2 28. Nf3 Bxf2+ 29. Kf1 Ra2 30. Ne5 Bb6 31. Rb4 Rf2+ 32. Ke1 Rxg2 33. Rf4 f5 34. Nf3 Rf2 35. Nd4 Rxh2 36. Nb5 Kf6 37. Rc4 g5 38. Nd6 Ke5 39. Nf7+ Kd5 40. Rc8 g4 41. Rf8 Bc5 42. Re8 g3 0-1

[Event "Saratov Regional-ch"]
[Site "Saratov"]
[Date "2015.12.13"]
[Round "8"]
[White "Guliev, Gasan"]
[Black "Dmitriev, Igor"]
[Result "0-1"]
[WhiteElo "2060"]
[BlackElo "2237"]
[PlyCount "140"]
[EventDate "2015.12.05"]
[EventType "swiss"]
[EventRounds "9"]
[EventCountry "RUS"]
[SourceTitle "EXT 2017"]
[Source "ChessBase"]
[SourceDate "2016.10.25"]
[SourceVersion "1"]
[SourceVersionDate "2016.10.25"]
[SourceQuality "1"]

1. d4 g6 2. c4 c5 3. d5 e5 4. Nc3 d6 5. e4 Bh6 6. Bxh6 Nxh6 7. Qd2 Ng4 8. Be2 Qe7 9. h4 h5 10. f3 Nf6 11. Nh3 Bxh3 12. Rxh3 Na6 13. 0-0-0 0-0-0 14. g4 Kb8 15. g5 Nd7 16. Rf1 Rdf8 17. Bd1 f6 18. Rg3 Nc7 19. Rfg1 Rhg8 20. Qg2 a6 21. Be2 Qh7 22. gxf6 Rxf6 23. Rg5 Ka7 24. Kc2 Rg7 25. a3 Ne8 26. Nd1 Nf8 27. Ne3 Rc7 28. a4 Qd7 29. Ra1 Qd8 30. Qf2 Kb8 31. Qe1 Rcf7 32. Rg3 Rc7 33. b3 Rff7 34. Rg5 Nf6 35. Ng2 N6h7 36. Rg3 Qf6 37. Qd2 Nd7 38. Qh6 Nhf8 39. Qg5 Qh8 40. Rf1 Rc8 41. f4 exf4 42. Rxf4 Rxf4 43. Qxf4 Ne5 44. Qg5 Re8 45. Nf4 Ka7 46. Nd3 Nfd7 47. Nf4 Nf8 48. Nd3 Nf7 49. Qf4 Re7 50. Nf2 Ne5 51. Nh3 Rf7 52. Qe3 Nh7 53. b4 Rc7 54. Nf4 Nf8 55. b5 Qf6 56. Qb3 Rf7 57. Ng2 Nfd7 58. Qe3 axb5 59. axb5 Nb6 60. Kb3 Kb8 61. Rh3 Qf2 62. Rg3 Kc7 63. Kc3 Rf8 64. Kb3 Qxe3+ 65. Rxe3 Rf2 66. Ne1 Rh2 67. Nf3 Rxe2 68. Rxe2 Nxf3 69. Rf2 Ne5 70. Rf8 Nbxc4 0-1

[Event "Saratov Regional-ch"]
[Site "Saratov"]
[Date "2015.12.06"]
[Round "2"]
[White "Guliev, Gasan"]
[Black "Bryakin, Mikhail"]
[Result "0-1"]
[WhiteElo "2060"]
[BlackElo "2309"]
[PlyCount "94"]
[EventDate "2015.12.05"]
[EventType "swiss"]
[EventRounds "9"]
[EventCountry "RUS"]
[SourceTitle "EXT 2017"]
[Source "ChessBase"]
[SourceDate "2016.10.25"]
[SourceVersion "1"]
[SourceVersionDate "2016.10.25"]
[SourceQuality "1"]

1. e4 c5 2. c3 d5 3. exd5 Qxd5 4. d4 cxd4 5. cxd4 Nf6 6. Nc3 Qd8 7. Nf3 g6 8. Be2 Bg7 9. 0-0 0-0 10. Ne5 Nfd7 11. Nxd7 Bxd7 12. Be3 e6 13. Qd2 Bc6 14. Rfd1 Nd7 15. d5 exd5 16. Nxd5 Nf6 17. Nb4 Be4 18. Qxd8 Rfxd8 19. f3 Bf5 20. Bd3 Be6 21. Kf2 a5 22. Nc2 Nd5 23. Bg5 Bxb2 24. Bxd8 Bxa1 25. Nxa1 Rxd8 26. Bc4 b5 27. Bxb5 Rb8 28. a4 Nc3 29. Rc1 Nxb5 30. Rb1 Bc4 31. axb5 Rxb5 32. Rxb5 Bxb5 33. Nb3 a4 34. Nd4 a3 35. Ke3 a2 36. Nc2 Ba4 37. Na1 Kg7 38. Kf4 Kf6 39. h4 h6 40. g4 Ke6 41. Ke4 Bc6+ 42. Ke3 Kd5 43. f4 Bd7 44. g5 h5 45. Nc2 Kc4 46. Kd2 Ba4 47. Na1 Kd4 0-1

[Event "Samara Polugaevsky Memorial 5th"]
[Site "Samara"]
[Date "2015.07.10"]
[Round "8"]
[White "Guliev, Gasan"]
[Black "Borisova, Polina I"]
[Result "1-0"]
[WhiteElo "2069"]
[BlackElo "1793"]
[PlyCount "115"]
[EventDate "2015.07.03"]
[EventType "swiss"]
[EventRounds "9"]
[EventCountry "RUS"]
[SourceTitle "EXT 2017"]
[Source "ChessBase"]
[SourceDate "2016.10.25"]
[SourceVersion "1"]
[SourceVersionDate "2016.10.25"]
[SourceQuality "1"]

1. e4 e5 2. Nc3 Nf6 3. g3 Bc5 4. Bg2 d6 5. Nge2 Nc6 6. 0-0 Bg4 7. h3 Be6 8. Kh2 Qd7 9. f4 exf4 10. gxf4 Bg4 11. hxg4 Nxg4+ 12. Kg3 h5 13. Bh3 f5 14. d4 Bb6 15. exf5 Ne7 16. Kg2 Nxf5 17. Qd3 0-0-0 18. Bd2 Kb8 19. Bxg4 hxg4 20. Rh1 Nh4+ 21. Kf2 Rde8 22. Nd5 Qf7 23. Nxb6 cxb6 24. Qb3 Qe7 25. Ng3 g5 26. f5 Rhf8 27. Rae1 Qd7 28. Rxe8+ Qxe8 29. Re1 Qc6 30. d5 Qd7 31. Qd3 Nxf5 32. Nxf5 Rxf5+ 33. Kg2 Qf7 34. c4 Rf2+ 35. Kg1 Rf3 36. Re3 a6 37. Rxf3 gxf3 38. Bxg5 Qh5 39. Qf5 f2+ 40. Kxf2 Qh2+ 41. Kf3 Qxb2 42. Qf8+ Ka7 43. Qxd6 Qc3+ 44. Be3 Qb2 45. a4 a5 46. Qxb6+ Qxb6 47. Bxb6+ Kxb6 48. Ke4 Kc5 49. Ke5 Kxc4 50. d6 b5 51. axb5 Kxb5 52. d7 Kb4 53. d8Q a4 54. Qd1 a3 55. Qb1+ Kc3 56. Qa2 Kb4 57. Kd4 Kb5 58. Qxa3 1-0

[Event "Samara Polugaevsky Memorial 5th"]
[Site "Samara"]
[Date "2015.07.05"]
[Round "3"]
[White "Schekachikhin, Maksim"]
[Black "Guliev, Gasan"]
[Result "1-0"]
[WhiteElo "2317"]
[BlackElo "2069"]
[PlyCount "153"]
[EventDate "2015.07.03"]
[EventType "swiss"]
[EventRounds "9"]
[EventCountry "RUS"]
[SourceTitle "EXT 2017"]
[Source "ChessBase"]
[SourceDate "2016.10.25"]
[SourceVersion "1"]
[SourceVersionDate "2016.10.25"]
[SourceQuality "1"]

1. d4 d5 2. c4 e6 3. Nc3 Bb4 4. cxd5 exd5 5. Bf4 Ne7 6. e3 0-0 7. Bd3 Bf5 8. Nge2 Nd7 9. a3 Bxc3+ 10. Nxc3 c6 11. Be2 Ng6 12. Bg3 Nf6 13. 0-0 Qe7 14. Qd2 Ne4 15. Nxe4 Bxe4 16. Rfe1 Nh4 17. f3 Bg6 18. Bf1 Nf5 19. Bf4 Qd7 20. Rad1 Rfe8 21. Qf2 Nd6 22. h4 a5 23. Qg3 Nc4 24. Bxc4 dxc4 25. e4 f5 26. Qh3 Qf7 27. h5 Bxh5 28. exf5 Rxe1+ 29. Rxe1 h6 30. g4 Bg6 31. Qh4 Qf8 32. Be5 Be8 33. f6 g5 34. Qg3 Bg6 35. f4 Re8 36. Qe3 gxf4 37. Qxf4 Kh7 38. Kf2 Re6 39. Rh1 b5 40. Qf3 Qf7 41. Qh3 Rxf6+ 42. Ke3 Bd3 43. Bxf6 Qxf6 44. Qf3 Qe7+ 45. Kf2 Be4 46. Re1 Qh4+ 47. Qg3 Qf6+ 48. Ke3 Bd5 49. Re2 b4 50. Qc7+ Kg6 51. Rf2 Qg5+ 52. Rf4 Qh4 53. Qd6+ Kh7 54. Qd7+ Kg6 55. Qf5+ Kg7 56. Qe5+ Kh7 57. Qf5+ Kg7 58. Qf8+ Kg6 59. Ke2 Qh2+ 60. Rf2 Qh4 61. Qf5+ Kg7 62. axb4 axb4 63. Qe5+ Kh7 64. Qf4 Qe7+ 65. Kf1 Qa7 66. Qf5+ Kg7 67. Qe5+ Kh7 68. Ke2 c3 69. Rf8 Qg7 70. Qf5+ Qg6 71. Qd7+ Qg7 72. Qf5+ Qg6 73. Rh8+ Kxh8 74. Qxg6 cxb2 75. Qxh6+ Kg8 76. Qg6+ Kf8 77. Qd6+ 1-0

[Event "Samara Polugaevsky Memorial 5th"]
[Site "Samara"]
[Date "2015.07.03"]
[Round "1"]
[White "Kozionov, Kirill"]
[Black "Guliev, Gasan"]
[Result "1-0"]
[WhiteElo "2406"]
[BlackElo "2069"]
[PlyCount "85"]
[EventDate "2015.07.03"]
[EventType "swiss"]
[EventRounds "9"]
[EventCountry "RUS"]
[SourceTitle "EXT 2017"]
[Source "ChessBase"]
[SourceDate "2016.10.25"]
[SourceVersion "1"]
[SourceVersionDate "2016.10.25"]
[SourceQuality "1"]

1. e4 e5 2. Nf3 Nc6 3. Bc4 Nf6 4. d3 Be7 5. 0-0 0-0 6. c3 d5 7. exd5 Nxd5 8. Re1 Bf6 9. Nbd2 g6 10. Ne4 Bg7 11. b4 h6 12. Bxd5 Qxd5 13. Bxh6 f5 14. Bxg7 Kxg7 15. c4 Qd8 16. Nc3 e4 17. dxe4 Qxd1 18. Raxd1 fxe4 19. Nxe4 Nxb4 20. Nd4 Nxa2 21. Ng5 Kg8 22. Nde6 Bxe6 23. Rxe6 Rad8 24. Rxg6+ Kh8 25. Nf7+ Kh7 26. Rh6+ Kg7 27. Rxd8 Rxd8 28. Nxd8 Kxh6 29. Nxb7 Kg5 30. g3 Nc1 31. Na5 Nd3 32. f3 Kf5 33. Kf1 Ne5 34. Ke2 a6 35. Ke3 c5 36. h4 Nd7 37. g4+ Ke5 38. f4+ Ke6 39. h5 Nf6 40. Kf3 Nd7 41. h6 Kf7 42. Ke4 Kg6 43. g5 1-0

[Event "Voronezh op-B 19th"]
[Site "Voronezh"]
[Date "2015.06.21"]
[Round "9"]
[White "Guliev, Gasan"]
[Black "Gorshnev, Alexey"]
[Result "1-0"]
[WhiteElo "1957"]
[BlackElo "2122"]
[PlyCount "81"]
[EventDate "2015.06.12"]
[EventType "swiss"]
[EventRounds "9"]
[EventCountry "RUS"]
[SourceTitle "CBM 167 Extra"]
[Source "ChessBase"]
[SourceDate "2015.09.14"]
[SourceVersion "1"]
[SourceVersionDate "2015.09.14"]
[SourceQuality "1"]

1. Nf3 Nf6 2. b3 g6 3. Bb2 Bg7 4. e3 0-0 5. Be2 d5 6. 0-0 c5 7. d4 cxd4 8. Nxd4 a6 9. Nd2 Qc7 10. c4 dxc4 11. Rc1 b5 12. bxc4 b4 13. Qb3 e5 14. Nc2 a5 15. a3 Rd8 16. Rfd1 Nc6 17. axb4 axb4 18. Nf3 Rxd1+ 19. Rxd1 Rb8 20. e4 Nxe4 21. Qe3 f5 22. Nd2 Nf6 23. Nf3 Ng4 24. Qc5 b3 25. Na3 Qb6 26. Qd5+ Kh8 27. Ng5 Qxf2+ 28. Kh1 h6 29. Bxg4 hxg5 30. Bf3 Qxb2 31. Qxc6 Qxa3 32. Qxg6 Qe7 33. Rd8+ Qxd8 34. Qh5+ Bh6 35. Qxh6+ Kg8 36. Bd5+ Qxd5 37. cxd5 b2 38. Qg6+ Kh8 39. Qf6+ Kh7 40. Qe7+ Kg8 41. Qd8+ 1-0

[Event "Voronezh op-B 19th"]
[Site "Voronezh"]
[Date "2015.06.20"]
[Round "8"]
[White "Guliev, Gasan"]
[Black "Geranichev, Mikhail"]
[Result "1-0"]
[WhiteElo "1957"]
[BlackElo "2072"]
[PlyCount "55"]
[EventDate "2015.06.12"]
[EventType "swiss"]
[EventRounds "9"]
[EventCountry "RUS"]
[SourceTitle "CBM 167 Extra"]
[Source "ChessBase"]
[SourceDate "2015.09.14"]
[SourceVersion "1"]
[SourceVersionDate "2015.09.14"]
[SourceQuality "1"]

1. e4 e5 2. Nf3 Nc6 3. Bb5 a6 4. Bxc6 dxc6 5. 0-0 Bg4 6. h3 Bxf3 7. Qxf3 Qf6 8. Qe2 Bc5 9. d3 Ne7 10. Nd2 Ng6 11. Nf3 Nf4 12. Bxf4 Qxf4 13. c3 0-0-0 14. b4 Bb6 15. a4 g5 16. c4 g4 17. hxg4 h5 18. g5 Bd4 19. Rad1 f6 20. Nxd4 exd4 21. gxf6 Rdg8 22. f3 Rg3 23. e5 Rhg8 24. Rf2 Rh3 25. Qe4 Qg5 26. f7 Rh8 27. e6 Rh4 28. e7 1-0

[Event "Voronezh op-B 19th"]
[Site "Voronezh"]
[Date "2015.06.19"]
[Round "7"]
[White "Fadin, Evgeny"]
[Black "Guliev, Gasan"]
[Result "0-1"]
[WhiteElo "2098"]
[BlackElo "1957"]
[PlyCount "72"]
[EventDate "2015.06.12"]
[EventType "swiss"]
[EventRounds "9"]
[EventCountry "RUS"]
[SourceTitle "CBM 167 Extra"]
[Source "ChessBase"]
[SourceDate "2015.09.14"]
[SourceVersion "1"]
[SourceVersionDate "2015.09.14"]
[SourceQuality "1"]

1. e4 e5 2. Nf3 Nc6 3. Bb5 a6 4. Ba4 Nf6 5. 0-0 Be7 6. Nc3 b5 7. Bb3 d6 8. h3 0-0 9. a3 Bb7 10. d3 Na5 11. Ba2 c5 12. Bd2 Nc6 13. Re1 Nd4 14. Nh2 Rc8 15. Nf1 Qd7 16. Ne3 c4 17. dxc4 Nxe4 18. Ncd5 Nxd2 19. Qxd2 Bg5 20. c3 Bxd5 21. cxd5 Nf5 22. Qd3 Nxe3 23. fxe3 f5 24. Bb1 e4 25. Qe2 Bh4 26. Rf1 Bg3 27. Bc2 Qe7 28. a4 Rb8 29. axb5 axb5 30. Ra5 Qg5 31. Bd1 Be5 32. Qe1 f4 33. exf4 Bxf4 34. Bc2 Bg3 35. Qxe4 Rxf1+ 36. Kxf1 Rf8+ 0-1

[Event "Voronezh op-B 19th"]
[Site "Voronezh"]
[Date "2015.06.12"]
[Round "1"]
[White "Zhurova, Anna"]
[Black "Guliev, Gasan"]
[Result "0-1"]
[WhiteElo "1462"]
[BlackElo "1957"]
[PlyCount "59"]
[EventDate "2015.06.12"]
[EventType "swiss"]
[EventRounds "9"]
[EventCountry "RUS"]
[SourceTitle "CBM 167 Extra"]
[Source "ChessBase"]
[SourceDate "2015.09.14"]
[SourceVersion "1"]
[SourceVersionDate "2015.09.14"]
[SourceQuality "1"]

1. e4 c5 2. Nf3 g6 3. d4 cxd4 4. Nxd4 Bg7 5. Nc3 Nc6 6. Be3 d6 7. f3 Nf6 8. Qd2 0-0 9. Bc4 Bd7 10. 0-0-0 Rc8 11. Bb3 Ne5 12. g4 b5 13. Qe2 b4 14. Nd5 a5 15. Nxf6+ Bxf6 16. g5 Bg7 17. f4 Bg4 18. Qg2 Bxd1 19. Rxd1 Nc4 20. Bxc4 Rxc4 21. f5 Qd7 22. Qf2 Be5 23. f6 exf6 24. gxf6 Qh3 25. Rd2 Rfc8 26. Kd1 Qg4+ 27. Kc1 Qxe4 28. h4 Rxd4 29. Bxd4 Bf4 30. h5 0-1

[Event "Saratov Shestoperov Memorial"]
[Site "Saratov"]
[Date "2014.06.23"]
[Round "8"]
[White "Guliev, Gasan"]
[Black "Biryukov, Dmitriy"]
[Result "1/2-1/2"]
[WhiteElo "1926"]
[BlackElo "2275"]
[PlyCount "23"]
[EventDate "2014.06.16"]
[EventType "swiss"]
[EventRounds "9"]
[EventCountry "RUS"]
[SourceTitle "CBM 161 Extra"]
[Source "ChessBase"]
[SourceDate "2014.08.29"]
[SourceVersion "1"]
[SourceVersionDate "2014.08.29"]
[SourceQuality "1"]

1. d4 d6 2. c4 g6 3. Nc3 Bg7 4. e4 Nf6 5. Nf3 0-0 6. Be2 e5 7. 0-0 Na6 8. d5 Nc5 9. Qc2 a5 10. Rb1 Nfxe4 11. Nxe4 Nxe4 12. Be3 1/2-1/2